000 00935cam a2200265 a 4500
001 000011781
005 20200929162549.0
008 770714s1977 dcu b 001 0 spa
020 _a0878401679 :
040 _aDO-SdBNP
_bspa
_cDLC
_dBNPHU
082 _a418.02
_bV393i
100 1 _aVázquez-Ayora, Gerardo.
_927867
245 1 0 _aIntroducción a la traductología :
_bcurso básico de traducción /
_cGerardo Vázquez-Ayora.
260 _aWashington, Estados Unidos :
_bGeorgetown University Press,
_c[1977].
300 _axv, 471 p. ;
_c23 cm.
504 _aIncluye referencias bibliográficas (p. 428-435).
500 _aIncluye índice
500 _aDatos tomado de la cubierta.
650 4 _aTraducción e interpretación
_927868
650 4 _aIdioma inglés
_xTraducción
_927869
650 4 _aAnálisis del discurso.
_92282
650 4 _aLingüistica aplicada
_97159
910 _aCatalogación derivada
049 _aBNGR
999 _c11455
_d11455